00370pab a2200145 454500008004000000100002100040245004600061260000900107300001600116362001100132650002300143650001200166650001200178773003400190180718b2006 xxu||||| |||| 00| 0 eng d aVaidyanathan, A. aFarmers' suicides and the agrarian crisis c2006 ap.4009-013. a23 Sep aAgrarian structure aSuicide aFarmers aEconomic and Political Weekly